000
00267nam a22001217a 4500
003
SGT
082
_a
005.117,JOS
100
_a
JOSHI ,SHIVANI
245
_a
OPJECT ORIENTED ANALYSIS & DESIGN
260
_a
NEW DELHI
_b
S CHAND
_c
2014
300
_a
295
942
_2
ddc
_c
BK
999
_c
19838
_d
19838